Hóa học vô cơ T.1

Gardado en:
Detalles Bibliográficos
Autor Principal: Nguyễn, Thế Ngôn
Formato: Libro
Idioma:Undetermined
Publicado: H. ĐHSP 2003
Những chủ đề:
Acceso en liña:http://lrc.tdmu.edu.vn/opac/search/detail.asp?aID=2&ID=5587
Các nhãn: Engadir etiqueta
Sen Etiquetas, Sexa o primeiro en etiquetar este rexistro!
Thư viện lưu trữ: Trung tâm Học liệu Trường Đại học Thủ Dầu Một
LEADER 00570nam a2200205Ia 4500
001 TDMU_5587
008 210410s9999 xx 000 0 und d
082 |a 546 
090 |b NG525 
100 |a Nguyễn, Thế Ngôn 
245 0 |a Hóa học vô cơ 
245 0 |c Nguyễn Thế Ngôn 
245 0 |n T.1 
260 |a H. 
260 |b ĐHSP 
260 |c 2003 
300 |a 368tr. 
650 |a Hóa vô cơ 
856 |u http://lrc.tdmu.edu.vn/opac/search/detail.asp?aID=2&ID=5587 
980 |a Trung tâm Học liệu Trường Đại học Thủ Dầu Một